| 000 | 00679njm a2200253Ia 4500 | ||
|---|---|---|---|
| 001 | A3803 | ||
| 003 | IT-RoPAU | ||
| 005 | 20220918181113.0 | ||
| 008 | 131025s9999 xx 000 0 und d | ||
| 040 | _aIT-RoPAU | ||
| 040 | _cIT-RoPAU | ||
| 999 |
_c99196 _d99196 |
||
| 999 | _bn.d. | ||
| 100 |
_aAA.VV. _9794 |
||
| 100 |
_eAutore musica _928105 |
||
| 100 |
_gCodice autore musica SPICS: 12000 _9796 |
||
| 245 | _aNew Age Music 1 | ||
| 250 | _a1a ed. | ||
| 260 | _aSVIZZERA | ||
| 260 |
_bOREADE MUSIC _c1990 [1a Ed.:1990 - Ed. Lingua Orig.: 1990] |
||
| 300 | _aCOMPACT DISC | ||
| 500 | _aMusica new age | ||
| 650 |
_aNEW AGE [COMPACT DISC] _eCodice MATERIA SPICS: 9949 _928106 |
||
| 942 |
_cCD _2ddc |
||